Odd One Out: Movie Cast Quiz Stats

Quiz Updated Aug 6, 2015

Challenge
Share
Tweet
Score 0/20 Timer 06:00
1 Play Today
% Correct
A - Robert Downey Jr. is Correct
93.9%
C - Joaquin Phoenix is Correct
89.4%
B - Jon Bon Jovi is Correct
85.6%
C - Steve Carell is Correct
83%
A - Johnny Depp is Correct
81.6%
D - James Gandolfini is Correct
80.4%
A - Ben Affleck is Correct
80%
B - Kevin Bacon is Correct
79.7%
C - Bridgette Wilson-Sampras is Correct
79.1%
B - Katie Holmes is Correct
77.2%
% Correct
D - Jon Voight is Correct
75.3%
B - Richard Gere is Correct
72.7%
B - Sean Penn is Correct
70.1%
A - Tom Selleck is Correct
68.8%
A - Sylvester Stallone is Correct
64.5%
D - Helen Mirren is Correct
56.3%
D - Kim Coates is Correct
48.7%
C - Tim Roth is Correct
44.4%
C - Dan Aykroyd is Correct
38.4%
D - Wesley Snipes is Correct
36%

You're not logged in!

Compare scores with friends on all Sporcle quizzes.
Join for Free
OR
Log In

You Might Also Like...

Show Comments

Extras

Top Quizzes Today


Score Distribution

Your Account Isn't Verified!

In order to create a playlist on Sporcle, you need to verify the email address you used during registration. Go to your Sporcle Settings to finish the process.

Report this User

Report this user for behavior that violates our Community Guidelines.

Details: